Подробности
| 000 -МАРКЕР |
| контрольное поле |
02216nam0a2200397 4500 |
| 001 - ИДЕНТИФИКАТОР ЗАПИСИ |
| контрольное поле |
RU\NLR\BIBL_A\021994994 |
| 005 - ИДЕНТИФИКАТОР ВЕРСИИ |
| контрольное поле |
20260405215539.0 |
| 010 ## - МЕЖДУНАРОДНЫЙ СТАНДАРТНЫЙ НОМЕР КНИГИ (ISBN) |
| Номер (ISBN) |
978-5-907487-44-4 |
| Тираж |
100 |
| 021 ## - НОМЕР ГОСУДАРСТВЕННОЙ РЕГИСТРАЦИИ |
| Код страны |
российская федерация |
| Номер |
2023-40420 |
| Номер Листа государственной регистраци |
КН-П-4031 |
| 035 ## - ДРУГИЕ СИСТЕМНЫЕ НОМЕРА |
| Идентификатор записи |
(RuMoRGB)011873631 |
| 035 ## - ДРУГИЕ СИСТЕМНЫЕ НОМЕРА |
| Идентификатор записи |
(NLR Aleph) 021994994 |
| 100 ## - ДАННЫЕ ОБЩЕЙ ОБРАБОТКИ |
| Данные общей обработки |
20230802d2023 |||y0rusy50 ca |
| 101 0# - ЯЗЫК РЕСУРСА |
| Язык текста, звукозаписи и т.д. |
русский |
| Язык резюме |
английский |
| 102 ## - СТРАНА ПУБЛИКАЦИИ ИЛИ ПРОИЗВОДСТВА |
| Страна публикации |
российская федерация |
| 105 ## - ПОЛЕ КОДИРОВАННЫХ ДАННЫХ: ТЕКСТОВЫЕ МАТЕРИАЛЫ, МОНОГРАФИЧЕСКИЕ |
| Кодированные данные о монографическом текстовом документе |
abchz 000zy |
| 181 #0 - ПОЛЕ КОДИРОВАННЫХ ДАННЫХ: ВИД СОДЕРЖАНИЯ |
| Код вида содержания (ISBD) |
i3 |
| Код характеристики содержания (ISBD) |
axxe |
| 182 #0 - ПОЛЕ КОДИРОВАННЫХ ДАННЫХ: ТИП СРЕДСТВА |
| Код типа средства (ISBD) |
n - непосредственное |
| 200 1# - ЗАГЛАВИЕ И СВЕДЕНИЯ ОБ ОТВЕТСТВЕННОСТИ |
| Основное заглавие |
"Как скалы в бурном море...": судьбы корейцев в Западной Сибири и на Урале в XX - начале XXI века |
| Параллельное заглавие |
"As the peaks in a stormy sea...": the fates of koreans in Siberia and Urals in XX - earty XXI |
| Сведения, относящиеся к заглавию |
монография |
| Первые сведения об ответственности |
В. С. Бойко |
| Последующие сведения об ответственности |
Министерство просвещения Российской Федерации, Федеральное государственное бюджетное образовательное учреждение высшего образования "Алтайский государственный педагогический университет" (ФГБОУ ВО "АлтГПУ") |
| 203 ## - ВИД СОДЕРЖАНИЯ И ТИП СРЕДСТВА |
| Вид содержания |
Текст |
| Дополнительные сведения об издании |
визуальный |
| Тип средства |
непосредственный |
| 210 ## - ПУБЛИКАЦИЯ, РАСПРОСТРАНЕНИЕ И ДР. |
| Место издания, распространения и т.д. |
Барнаул |
| Имя издателя, распространителя и т. д. |
АлтГПУ |
| Дата издания, распространения и т.д. |
2023 |
| 215 ## - ФИЗИЧЕСКАЯ ХАРАКТЕРИСТИКА |
| Специфическое обозначение материала и объем |
255 с. |
| Другие сведения о физической характеристике |
ил., карты, портр., факс. |
| Размеры |
21 |
| 300 ## - ОБЩИЕ ПРИМЕЧАНИЯ |
| Текст примечания |
Авт. также на англ. яз.: Vladimir S. Boyko |
| 300 ## - ОБЩИЕ ПРИМЕЧАНИЯ |
| Текст примечания |
Рез. англ. |
| 320 ## - ПРИМЕЧАНИЯ О НАЛИЧИИ В ДОКУМЕНТЕ БИБЛИОГРАФИИ / УКАЗАТЕЛЯ |
| Текст примечания |
Библиогр.: с. 178-199 и в подстроч. примеч. |
| 510 1# - ПАРАЛЛЕЛЬНОЕ ЗАГЛАВИЕ |
| Параллельное заглавие |
"As the peaks in a stormy sea...": the fates of koreans in Siberia and Urals in XX - earty XXI |
| Сведения, относящиеся к заглавию |
z44790 |
| Язык заглавия |
английский |
| 606 1# - НАИМЕНОВАНИЕ ТЕМЫ КАК ПРЕДМЕТ |
| Наименование темы |
Корейцы |
| Тематический подзаголовок |
История |
| Географический подзаголовок |
Сибирь |
| Хронологический подзаголовок |
20 - нач. 21 вв. |
| Системный номер авторитетной/нормативной записи |
2271487 |
| Идентификатор авторитетной/нормативной записи |
RU\NLR\AUTH\6601590393 |
| 675 ## - УНИВЕРСАЛЬНАЯ ДЕСЯТИЧНАЯ КЛАССИФИКАЦИЯ (UDC/УДК) |
| Индекс |
94(470.5 |
| Издание |
4 |
| 675 ## - УНИВЕРСАЛЬНАЯ ДЕСЯТИЧНАЯ КЛАССИФИКАЦИЯ (UDC/УДК) |
| Индекс |
571.1)(=531)"19/20" |
| Издание |
4 |
| 686 1# - ИНДЕКСЫ ДРУГИХ КЛАССИФИКАЦИЙ |
| Индекс |
Т3(29=Ко)0,02 |
| 700 #1 - ИМЯ ЛИЦА - ПЕРВИЧНАЯ ОТВЕТСТВЕННОСТЬ |
| Материалы, к которым относится поле |
rus |
| Графика поля |
Кириллица |
| Начальный элемент ввода |
Бойко |
| Часть имени, кроме начального элемента ввода |
В. С. |
| Расширение инициалов личного имени |
Владимир Сергеевич |
| Идентификатор авторитетной/нормативной записи |
RU\NLR\AUTH\7798055 |
| Системный номер авторитетной/нормативной записи |
80981 |
| 790 #1 - ИМЯ ЛИЦА - АЛЬТЕРНАТИВНАЯ ФОРМА |
| Материалы, к которым относится поле |
eng |
| Графика поля |
Латинская |
| Начальный элемент ввода |
Bojko |
| Часть имени, кроме начального элемента ввода |
V. S. |
| Расширение инициалов личного имени |
Vladimir Sergeevič |
| Идентификатор авторитетной/нормативной записи |
RU\NLR\AUTH\7798056 |
| Системный номер авторитетной/нормативной записи |
80982 |
| 942 ## - ДОПОЛНИТЕЛЬНЫЕ ЭЛЕМЕНТЫ ЗАПИСИ (АБИС) |
| Тип экземпляра АБИС |
Книга |
| 980 ## - КОЛЛЕКЦИЯ |
| Название коллекции |
Национальная библиография |